000 01765cam a2200481 4500
003 PE-LiUPU
005 20250731173345.0
020 _a0802828507
035 _a(Sirsi) i9780802828507
035 _a(Sirsi) 43330
035 _a(Sirsi) 43330
041 _aen
044 _aus
082 0 4 _a232.1
_bM82
100 1 _aMowinckel, Sigmund
245 _aHe that comet :
_bthe messiah concept in the Old Testament and later judaism /
_cSigmund Mowinckel.
264 1 _aGrand Rapids, Mich. :
_bWilliam B. Eerdmans Pub. Co.,
_c2005
300 _a528 páginas ;
_c23 cm.
490 0 _aBiblical resource series
500 _aOriginalmente publicado: Oxford : B. Blackwell, 1959
504 _aIncluye bibliografía
505 0 _aThe future king in early Jewish eschatology -- The Term "Messiah" and Its content -- Survey of the material -- The ideal of Kingship in ancient Israel -- The future hope -- The early Jewish future hope -- The place of the King in the future hope
526 _aSEG42
526 _aSEG41
526 _aSEG40
526 _aSEG39
526 _aP94
526 _aP87
526 _aP86
526 _aP85
526 _aP77
526 _aP76
526 _aP35
600 0 _aJesucristo
_xMesiazgo
650 1 4 _aMesías
_xProfecías
942 _2ddc
_cBOOK
949 _a232.1 M82
_i60646
_lCCODEBUL1
_mBUL
_tLIBRO
_o.STAFF. Colección General
859 _q60646
_h232.1
_iM82
910 _agl
_bjv
_clch
_d20091119
596 _a1
999 _a232.1 M82
_wDEWEY
_c50062
_i60646
_f2021-11-10
_g5
_lCCODEBUL1
_mBUL
_p17.00
_r0
_sY
_tBOOK
_u2015-7-6
_xTEOLOGIA
_zUNKNOWN
_0COMPRA
_o.STAFF. Colección General
_d50062
980 _81
_gALBERTO SANCHEZ Responsable de Automatización